000 01205nam a2200241Ia 4500
999 _c39705
_d39705
001 6308
003 GE_BSU
005 20191002172055.0
008 181216s1986||||ge |||||||||||||| ||geo||
040 _cGE_BSU
041 _ageo
080 _a821.353.1-31 ბ-27
100 _aბარნოვი, ვასილ
_94407
245 _aტრფობა წამებული, მიმქრალი შარავანდედი :
_bრომანები /
_cვასილ ბარნოვი ; შემდგენელ-რედ. : გურამ გვერდწითელი, გურამ ფანჯიკიძე.
264 _aთბილისი :
_bმერანი ;
_c1986.
300 _a495 გვ. ;
_c22 სმ.
653 _aტრფობა წამებული
653 _aმიმქრალი შარავანდედი
653 _aრომანი
700 _aგვერდწითელი, გურამ
_eშემდგენელ-რედაქტორი
_93781
700 _aფანჯიკიძე, გურამ
_eშემდგენელ-რედაქტორი
_9939
942 _cBK
_2udc